000 00460pab a2200169 454500
008 180718b1956 xxu||||| |||| 00| 0 eng d
100 _aMenon, V.K.N.
245 _aThe new Anchal Adhikari System in Bihar
260 _c1956
300 _ap.134-140.
362 _aApr-Jun
650 _aDistrict administration - India - Bihar
650 _aDistrict administration
773 _aIndian Journal of Public Administration
908 _aN
909 _a100649
999 _c100648
_d100648